000 01883nam a22003851 4500
001 191508
003 SpMaBN
005 20250727150807.0
008 220926m19559999sp spa
016 7 _abimoBNE19972231839
_zIND9100163836 [
_2SpMaBN]
017 _aM 9550-1958
_bOficina Depósito Legal Madrid
035 _a(OCoLC)431980261
040 _aSpMaBN
_bspa
_cA2
080 _a
_a025.45 CDU (083.74)
245 0 0 _aClasificación decimal universal :
_btablas completas.
250 _aEd. en español.
260 _aMadrid :
_bInstituto Nacional de Racionalización del Trabajo,
_c1955-<1972>
300 _av. ;
_c30 cm.
490 1 _aPub. FID 243
505 1 _a0. Obras generales 1. Filosofía 2. Religión, Teología 3. Ciencias sociales, 2 v. 37. Pedagogía 57. Biología 58. Botánica 59. Zoología 61. Medicina [62]. Ingeniería, ptes. 1-3 63. Agricultura 64. Economía doméstica 65. Organización científica 7. Bellas Artes
650 7 _aClasificación decimal universal
_2embne
_9164660
710 2 _aInstituto Nacional de Racionalización del Trabajo (España)
_95185
830 0 _aPub. FID 243
_9226032
852 _aES-MaACL
_jA-15113
_9198731
_cDEPO1
_dOlim: 025.45 CDU (1955-1972)
852 _aES-MaACL
_jA-15114
_9198732
_cDEPO1
_dOlim: 025.45 CDU (1955-1972)
852 _aES-MaACL
_jA-15115
_9198733
_cDEPO1
_dOlim: 025.45 CDU (1955-1972)
852 _aES-MaACL
_jA-15116
_9198734
_cDEPO1
_dOlim: 025.45 CDU (1955-1972)
852 _aES-MaACL
_jA-15117
_9198735
_cDEPO1
_dOlim: 025.45 CDU (1955-1972)
852 _aES-MaACL
_jA-15118
_9198736
_cDEPO1
_dES-MaACL
852 _aES-MaACL
_jA-15119
_9198737
_cDEPO1
_dOlim: 025.45 CDU (1955-1972)
852 _aES-MaACL
_jA-15120
_9198738
_cDEPO1
_dOlim: 025.45 CDU (1955-1972)
852 _aES-MaACL
_jA-15121
_9198739
_cDEPO1
_dOlim: 025.45 CDU (1955-1972)
942 _2udc
999 _c191508
_d191508